000 00359 a2200157 4500
001 189029
020 _a978-85-63382-02-3
040 _cMagnum
100 _aGonçalves, Regina
240 1 0 _aRamsés II e a batalha de Kadesh
_lpor
245 1 0 _aRamsés II e a batalha de Kadesh
300 _a107
362 0 _a2010
697 _aMATEMÁTICA
942 _cBK
999 _c189029
_d189029